Türkiye'de yükseköğretimin genel durumu (Record no. 963)

MARC details
000 -BAŞLIK
Sabit Uzunlukta Kontrol Alanı 00855na a2200241 4500
001 - KONTROL NUMARASI
Denetim Alanı 20068
003 - KONTROL NUMARASI IDENTIFIER
Denetim Alanı MIRAKIL
005 - SON İŞLEM TARİHİ VE ZAMANI
Denetim Alanı 20181213154807.0
008 - SABİT-BOY VERİ ELEMANLARI - GENEL BİLGİLER
Sabit Uzunlukta Kontrol Alanı 170103b tu 000 0
040 ## - KATALOGLAMA KAYNAK
Orijinal Kataloglama Ajansı Milas
Kataloglama Dili tur
Metne Dönüştürmek Ajansı TR-AnCHP
041 ## - DİL KODU
Metin / Ses Parça Veya Ayrı Başlığın Dil Kodu tur
082 ## - DEWEY ONLU SINIFLANDIRMA NUMARASI
Sınıflandırma Numarası 378.09561
Ürün Numarası T96 1993
090 ## - SINIFLAMA NUMARASI
Sınıflama Numarası 378.09561 T96 1993
245 ## - BAŞLIK TABLOSU
Başlık Türkiye'de yükseköğretimin genel durumu
Başlığın Kalan Prof. Dr. Mehmet Sağlam'ın 1994 mali yılı için plan ve bütçe komisyonu'nda yapmış olduğu konuşma
Sorumluluk Tablosu, Vb Mehmet Sağlam
246 ## - UNVAN FORM VARYING
Başlık Doğru / Kısa Başlığı Prof. Dr. Mehmet Sağlam'ın 1994 mali yılı için plan ve bütçe komisyonu'nda yapmış olduğu konuşma
260 ## - YAYIN, DAĞITIM, VB
Yayın, Dağıtım, Vb Yeri Ankara
Yayıncı, Dağıtıcı, Vs Adı YÖK
Yayın, Dağıtım, Vb Tarihi 1993
300 ## - FİZİKSEL TANIM
Kapsam 14 s.
Boyutlar 30 sm.
650 ## - KONU KATMA GİRİŞ - TOPİKAL DÖNEM
Topikal Süreli Veya Coğrafi Ad Giriş Elemanı Üniversiteler
Coğrafi Alt Bölümü Türkiye
650 ## - KONU KATMA GİRİŞ - TOPİKAL DÖNEM
Topikal Süreli Veya Coğrafi Ad Giriş Elemanı Yüksek öğretim
Coğrafi Alt Bölümü Türkiye
700 ## - KATMA GİRİŞ - KİŞİSEL İSİM
Kişisel Ad Sağlam, Mehmet
710 ## - KATMA GİRİŞ - KURUMSAL ADI
Giriş Elemanı Olarak Kurumsal Ad Veya Yargı Alanı Adı Yükseköğretim Kurulu
942 ## - EKLENDİ GİRİŞ ELEMANLARI (KOHA)
Sınıflandırma Veya Raf Düzeni Kaynak
Koha Öğesi Türü Books
999 ## - SİSTEM KONTROL NUMARALARI (KOHA)
Koha Biblionumber 963
Koha Biblioitemnumber 963
Holdings
Kalıcı Konum Mevcut Konum Edinme Tarihi Edinim Kaynak Toplam Check-Out'Lar Tam Çağrı Numarası Barkod Tarih Son Görülme İtibaren Geçerli Fiyatlar Koha Öğesi Türü
CHP Kütüphanesi CHP Kütüphanesi 01/03/2017 Bağış   378.09561 T96 1993 010435 01/03/2017 01/03/2017 Books